[Event "BCF-ch Seniors U130"]
[Site "Aberystwyth"]
[Date "2014.08.01"]
[Round "5"]
[White "Costeloe, C Andrew J"]
[Black "Gunn, Michael J"]
[Result "1/2-1/2"]
[WhiteElo "128"]
[BlackElo "128"]
[PlyCount "40"]
[EventDate "2014.07.20"]
[EventType "swiss"]
[EventRounds "5"]
[EventCountry "WLS"]
[SourceTitle "EXT 2017"]
[Source "ChessBase"]
[SourceDate "2016.10.25"]
[SourceVersion "1"]
[SourceVersionDate "2016.10.25"]
[SourceQuality "1"]

1. e4 e6 2. Qe2 c5 3. f4 Be7 4. Nf3 d5 5. e5 Nc6 6. c3 Qb6 7. d3 Bd7 8. Be3 d4 9. Bf2 0-0-0 10. Qc2 Kb8 11. Qb3 Be8 12. Qxb6 axb6 13. cxd4 cxd4 14. a3 f6 15. Nbd2 Nh6 16. Nb3 Bc5 17. h3 fxe5 18. fxe5 Rf8 19. Be2 Nf5 20. Kd2 h6 1/2-1/2

[Event "BCF-ch Seniors U130"]
[Site "Aberystwyth"]
[Date "2014.07.29"]
[Round "2"]
[White "Waddington, James"]
[Black "Costeloe, C Andrew J"]
[Result "0-1"]
[WhiteElo "101"]
[BlackElo "128"]
[PlyCount "42"]
[EventDate "2014.07.20"]
[EventType "swiss"]
[EventRounds "5"]
[EventCountry "WLS"]
[SourceTitle "EXT 2017"]
[Source "ChessBase"]
[SourceDate "2016.10.25"]
[SourceVersion "1"]
[SourceVersionDate "2016.10.25"]
[SourceQuality "1"]

1. b4 e5 2. Bb2 Bxb4 3. Bxe5 Nf6 4. a3 Ba5 5. Nf3 0-0 6. c4 d6 7. Bc3 Bb6 8. e3 Re8 9. Be2 h6 10. 0-0 Bf5 11. d3 Nbd7 12. d4 Ne4 13. Qb3 c5 14. d5 Ndf6 15. Rd1 Qe7 16. Qb2 Nxf2 17. Kxf2 Qxe3+ 18. Kf1 Ng4 19. Be1 Be4 20. Qd2 Bxf3 21. Qxe3 Nxe3+ 0-1